000 00526nam a2200193 u 4500
005 20230602063753.0
008 120622s2010 mx r 000 0 spa d
020 _a9786074562378
035 _aUPN01000185288
049 _aCG
050 4 _aPQ7298.15 U3
_bP4.7
100 1 _aEudave, Cecilia,
_d1968-
_932533
245 1 0 _aPesadillas al mediodía /
_cCecilia Eudave.
260 _aMéxico :
_bProgreso,
_c2010.
300 _a176 p. :
_bil.
440 0 _aPiel de gallina
650 4 _aNovela mexicana
_94557
905 _aLibro
999 _c157391
_d157391